000 01014nam a22003377a 4500
001 BR2012001950
003 BR-BrBNA
005 20230928103932.0
007 ta
008 230509b bl.||||| |||| 00| 0 por d
040 _aBR-BrBNA
_bpor
_cBiblioteca Nacional de Agricultura
041 _a(Por)
072 _aF30; F02
_b3240
090 _ 3240 BR2012001950
100 1 _aMendonça, E.G.
110 1 _aUniversidade Federal de Lavras, MG (Brasil)
_0Tese (Doutorado)
245 1 _aTransformação genética e rejuvenescimento in vitro de híbridos narurais de Eucalyptus urophylla
260 3 _aLavras, MG (Brasil):
_c2011.
300 _a71 p.
500 _aSummaries (Eng, Por); Several bibliography; 15 illus.
650 _aEUCALIPTO
650 _aEUCALYPTUS UROPHYLLA
650 _aPLANTA TRANSGÊNICA
650 _aHÍBRIDO
650 _aCULTURA IN VITRO
650 _aENRAIZAMENTO
650 _aESTACA
650 _aBIOTECNOLOGIA
909 _a202309
_bLucia
_c55
_dLucia Elande
942 _cBK
999 _c77314
_d77314